00768nam a2200241Ia 4500003000400000005001700004008004100021020001500062040000700077041000800084082001900092100002400111245005400135260004700189300001600236365001300252440000600265650002900271906005900300942001200359999001900371952013600390OSt20230315113015.0210423s2006 xx 000 0 und d a8177585428 cAL aeng a547223b FINI aFINAR (I L).941226 aOrganic chemistry: the fundamental principles.V1. aNew DelhibPearson Education Pvt Ltdc2006 axiv,965bPB b565cINR v1 aOrganic Chemistry941227 a1. ; chemistry: ; fundamental ; Organic ; principles.V 2ddccBK c153540d153540 001040708ACaSACPGbSACPGd2007-09-12eHigginbothams Pvt Ltdg565.00l0o547 FINIpPG000007r2022-08-24 00:00:00w2021-04-26yBK